|
|
|
|
| LEADER |
00000nam a2200000 a 4500 |
| 001 |
UCX2671 |
| 003 |
CL-VaPUC |
| 008 |
910722e19890000CL |||||||||||||||||spa|d |
| 082 |
0 |
4 |
|a 327
|b ARM
|2 21
|
| 100 |
0 |
|
|a Armanet Armanet, Pilar
|e author
|9 318709
|
| 245 |
1 |
0 |
|a Hacia el siglo XXI: la proyección estratégica de Chile
|
| 300 |
|
|
|a 275 p
|
| 942 |
|
|
|c BK
|
| 945 |
|
|
|d 19910722 00:00:00
|
| 260 |
|
|
|a Santiago
|b FLACSO
|c 1989
|
| 500 |
|
|
|a Trabajos presentados al seminario La proyección estratégica de Chile hacia el siglo XXI, Santiago, Chile, 3 agosto, 1988
|
| 650 |
|
7 |
|a PROYECCIONES ECONOMICAS
|2 CL-VaPUC
|9 318710
|
| 650 |
|
0 |
|a Geopolítica
|9 313921
|
| 650 |
|
7 |
|a RELACIONES EXTERIORES SIGLO 21
|2 CL-VaPUC
|9 318711
|
| 650 |
|
7 |
|a RELACIONES ECONOMICAS EXTERIORES SIGLO 21
|2 CL-VaPUC
|9 318712
|
| 651 |
|
7 |
|a CHILE
|2 CL-VaPUC
|9 318713
|
| 583 |
|
|
|a last modification
|c 19910722 00:00:00
|k Rodrigo Vera
|
| 999 |
|
|
|c 223641
|d 223639
|
| 952 |
|
|
|0 0
|1 0
|4 0
|6 327_000000000000000_ARM_1989
|7 0
|8 A
|9 219649
|a BIBGIM
|b BIBGIM
|d 2019-11-15
|i 2883406
|o 327 ARM 1989
|p 2883406
|r 2025-01-15
|w 2019-11-15
|y BK
|k SSL
|